| 000 | 00528nam a22001697a 4500 | ||
|---|---|---|---|
| 005 | 20251108172636.0 | ||
| 008 | 250721s2001 xx 000 0 ara d | ||
| 082 | 1 | 4 | _a251/عثي |
| 100 | 1 | _aالعثيمين، محمد بن صالح | |
| 245 | 1 | 0 | _aمنهاج أهل السنة و الجماعة في العقيدة و العمل / |
| 264 | 1 |
_aالإمارات : _bمكتبة الصحابة، _c2001. |
|
| 300 | _a208ص. | ||
| 650 | 1 | 7 | _aفقه السنه |
| 650 | 1 | 7 | _aالسنيون |
| 942 |
_2ddc _cBK |
||
| 999 |
_c84793 _d84793 |
||